Los compacuentos. (Registro nro. 437144)

Detalles MARC
000 -LÍDER
Campo fijo de descripción fija 01003nam a22003017a 4500
003 - IDENTIFICADOR DEL NÚMERO DE CONTROL
Campo de control BCEG
005 - FECHA Y HORA DE LA ULTIMA TRANSACCIÓN
control field 20260326152706.0
008 - ELEMENTOS DE LONGITUD FIJA -- INFORMACIÓN GENERAL
Campo fijo de descripción fija -- Información general 260326s2025 mx a||||||||||||||||spa|d
020 ## - ISBN
Isbn 9786073926829 (v. 2)
040 ## - FUENTE DE CATALOGACIÓN
Agencia de catalogación original BCEG
Idioma de catalogación spa
Agencia que realiza la transcripción BCEG
082 04 - NÚMERO DE CLASIFICACIÓN DECIMAL DEWEY
Número de clasificación I863.7
Clave de autor-Numero de item B520c
100 1# - ASIENTO PRINCIPAL--NOMBRE PERSONAL
Nombre del autor personal Bernal Montes, Miguel‏ (Mikecrack),
Fechas asociadas con el nombre 1993-.
245 10 - TÍTULO PROPIAMENTE DICHO
Título Los compacuentos.
246 ## - FORMA VARIANTE DEL TITULO
Título propiamente dicho/forma breve del título Los compas.
246 ## - FORMA VARIANTE DEL TITULO
Título propiamente dicho/forma breve del título TeamCompas.
246 ## - FORMA VARIANTE DEL TITULO
Título propiamente dicho/forma breve del título Los compas y el frijolito mágico.
260 ## - PUBLICACIÓN, DISTRIBUCIÓN, ETC. (PIE DE IMPRENTA)
Lugar de publicación, distribución, etc. Ciudad de México :
Nombre del editor, distribuidor, etc. Planeta Mexicana : Martínez Roca,
Fecha de publicación, distribución, etc. 2025.
300 ## - DESCRIPCIÓN FÍSICA
Extensión 239 p. :
Otros detalles físicos il.
490 ## - MENCIÓN DE SERIE
Mención de serie Los compacuentos. 4You2.
500 ## - NOTA GENERAL
Nota General La biblioteca solo cuenta con el v. 2.
505 ## - NOTA DE CONTENIDO
Información miscelánea v. 2.
Título Los compas y el frijolito mágico.
535 ## - NOTA DE UBICACIÓN DE ORIGINALES
Custodio Disponible en la colección infantil de 10-12 años.
541 ## - NOTA DE FUENTE INMEDIATA DE ADQUISICIÓN
Nota de fuente de adquisición Donación.
650 14 - ASIENTO SECUNDARIO DE MATERIA - TERMINO TEMÁTICO
Término temático o nombre geográfico como elemento de entrada Novela juvenil española.
700 1# - ASIENTO SECUNDARIO - NOMBRE PERSONAL
Nombre personal López Hervás, Javier‏, (El Trollino),
Función o responsabilidad del autor coaut.
700 1# - ASIENTO SECUNDARIO - NOMBRE PERSONAL
Nombre personal Conde Rivas, Rubén‏ (Timba Vk),
Función o responsabilidad del autor coaut.
942 ## - TIPO DE MATERIAL (KOHA)
Tipo de Item KOHA Libro
Existencias
No para Préstamo Colección Biblioteca de Origen Biblioteca Permanente Fecha de Adquisición Fuente de Adquisicion Total de Préstamos Signatura Topográfica Código de Barras Última vez visto Ejemplar Tipo de Material
Material en Reserva Infantil Biblioteca Central Estatal de Guanajuato, "Wigberto Jiménez Moreno" Biblioteca Central Estatal de Guanajuato, "Wigberto Jiménez Moreno" 26/03/2026 COMPRA-2025   I863.7 B520c BCEG8655231081 26/03/2026 v. 2 Libro
  Infantil Biblioteca Central Estatal de Guanajuato, "Wigberto Jiménez Moreno" Biblioteca Central Estatal de Guanajuato, "Wigberto Jiménez Moreno" 26/03/2026 COMPRA-2025   I863.7 B520c BCEG8655231082 26/03/2026 v. 2 ej. 2 Libro